[Event "ISR-chT 2019"]
[Site "Israel"]
[Date "2019.03.08"]
[Round "9.18"]
[White "Gorshtein, Ido"]
[Black "Huzman, Alexander"]
[Result "1/2-1/2"]
[WhiteElo "2380"]
[BlackElo "2579"]
[Annotator "ChessBase"]
[PlyCount "90"]
[EventDate "2019.01.04"]
[EventType "team-tourn"]
[EventCountry "ISR"]
[SourceTitle "playchess.com"]
[Source "ChessBase"]
[SourceQuality "1"]
[TimeControl "40/5400+30:1800+30"]

1. e4 {[%emt 0:00:00]} c5 {[%emt 0:03:02]} 2. Ne2 {[%emt 0:00:00]} Nf6 {[%emt 0:02:29]} 3. Nbc3 {[%emt 0:00:00]} Nc6 {[%emt 0:00:13]} 4. g3 {[%emt 0:13:29]} d5 {[%emt 0:08:31]} 5. exd5 {[%emt 0:02:14]} Nd4 {[%emt 0:00:22]} 6. Bg2 {[%emt 0:00:13]} Bg4 {[%emt 0:00:04]} 7. h3 {[%emt 0:03:50]} Bf3 {[%emt 0:00:31]} 8. Bxf3 {[%emt 0:03:02]} Nxf3+ {[%emt 0:00:15]} 9. Kf1 {[%emt 0:00:01]} Nxd5 {[%emt 0:00:25]} 10. Nf4 {[%emt 0:01:16]} Nxf4 {[%emt 0:10:57]} 11. Qxf3 {[%emt 0:00:10]} Ne6 {[%emt 0:00:15]} 12. Qxb7 {[%emt 0:03:18]} Qc8 {[%emt 0:05:13]} 13. Qb5+ {[%emt 0:05:12]} Qd7 {[%emt 0:00:19]} 14. Qxd7+ {[%emt 0:00:02]} Kxd7 {[%emt 0:00:08]} 15. Nb5 {[%emt 0:05:39]} g6 {[%emt 0:08:22]} 16. d3 {[%emt 0:04:14]} Bg7 {[%emt 0:01:03]} 17. c3 {[%emt 0:00:56]} h5 {[%emt 0:05:59]} 18. h4 {[%emt 0:01:39]} Rab8 {[%emt 0:10:21]} 19. Na3 {[%emt 0:00:21]} Nc7 {[%emt 0:00:27]} 20. Ke2 {[%emt 0:09:05]} Nd5 {[%emt 0:02:10]} 21. Kd1 {[%emt 0:05:42]} Rhc8 {[%emt 0:03:44]} 22. Kc2 {[%emt 0:01:47]} Rc6 {[%emt 0:00:10]} 23. Bg5 {[%emt 0:05:40]} Re6 {[%emt 0:03:44]} 24. Rad1 {[%emt 0:06:01]} Ra6 {[%emt 0:14:35]} 25. Bd2 {[%emt 0:01:27]} Rbb6 {[%emt 0:00:24]} 26. Rhe1 {[%emt 0:01:40]} Rf6 {[%emt 0:03:55]} 27. f4 {[%emt 0:00:11]} Rfc6 {[%emt 0:01:36]} 28. Re2 {[%emt 0:02:49]} e6 {[%emt 0:00:24]} 29. Rc1 {[%emt 0:01:32]} Ne7 {[%emt 0:01:10]} 30. Be1 {[%emt 0:01:21]} Nf5 {[%emt 0:05:26]} 31. Rd1 {[%emt 0:03:52]} Ra5 {[%emt 0:04:08]} 32. Bf2 {[%emt 0:05:15]} Rca6 {[%emt 0:01:24]} 33. Ra1 {[%emt 0:04:58]} Rxa3 {[%emt 0:01:33]} 34. bxa3 {[%emt 0:00:09]} Rxa3 {[%emt 0:00:06]} 35. Be1 {[%emt 0:00:48]} c4 {[%emt 0:02:59]} 36. d4 {[%emt 0:02:21]} Ne7 {[%emt 0:00:29]} 37. Kb2 {[%emt 0:00:58]} Ra6 {[%emt 0:00:30]} 38. Kc1 {[%emt 0:02:42]} Nd5 {[%emt 0:00:38]} 39. Rb2 {[%emt 0:00:35]} Kc7 {[%emt 0:00:33]} 40. a4 {[%emt 0:01:49]} Rb6 {[%emt 0:00:44]} 41. a5 {[%emt 0:07:07]} Rxb2 {[%emt 0:03:51]} 42. Kxb2 {[%emt 0:01:32]} Kc6 {[%emt 0:00:45]} 43. Bd2 {[%emt 0:06:32]} a6 {[%emt 0:01:58]} 44. Kc2 {[%emt 0:00:16]} Bf8 {[%emt 0:06:52]} 45. Bc1 {[%emt 0:03:16]} Bd6 {[%emt 0:01:02]} 1/2-1/2

[Event "ISR-chT 2019"]
[Site "Israel"]
[Date "2019.03.08"]
[Round "9.19"]
[White "Dvoirys, Semen I."]
[Black "Baron, Tal"]
[Result "1/2-1/2"]
[WhiteElo "2519"]
[BlackElo "2517"]
[Annotator "RC"]
[PlyCount "80"]
[EventDate "2019.01.04"]
[EventType "team-tourn"]
[EventCountry "ISR"]
[SourceTitle "playchess.com"]
[Source "ChessBase"]
[SourceQuality "1"]
[TimeControl "40/5400+30:1800+30"]

1. e4 {[%emt 0:00:00]} e5 {[%emt 0:00:48]} 2. Nf3 {[%emt 0:00:00]} Nc6 {[%emt 0:00:02]} 3. Bb5 {[%emt 0:00:00]} g6 {[%emt 0:00:21]} 4. c3 {[%emt 0:00:15]} a6 {[%emt 0:00:08]} 5. Ba4 {[%emt 0:00:56]} Bg7 {[%emt 0:00:03]} 6. d4 {[%emt 0:00:13]} exd4 {[%emt 0:00:04]} 7. cxd4 {[%emt 0:00:11]} b5 {[%emt 0:00:12]} 8. Bc2 {[%emt 0:09:40]} d6 {[%emt 0:00:05]} 9. h3 {[%emt 0:01:03]} Nge7 {[%emt 0:00:04]} 10. Nc3 {[%emt 0:00:18]} O-O {[%emt 0:00:04]} 11. O-O {[%emt 0:00:15]} Bb7 {[%emt 0:00:56]} 12. a4 {[%emt 0:08:47]} Nb4 {[%emt 0:14:53]} 13. Bb1 {[%emt 0:00:48]} bxa4 {[%emt 0:00:59]} 14. Rxa4 {[%emt 0:00:16]} a5 {[%emt 0:01:12]} 15. Re1 {[%emt 0:11:59]} h6 {[%emt 0:12:11]} 16. Ra3 {[%emt 0:00:36]} f5 {[%emt 0:09:42]} 17. exf5 {[%emt 0:12:32]} Nxf5 {[%emt 0:02:38]} 18. Be4 {[%emt 0:09:39]} c6 {[%emt 0:08:26]} 19. Ne2 {[%emt 0:01:01]} Qf6 {[%emt 0:06:40]} 20. Nf4 {[%emt 0:03:14]} Rfe8 {[%emt 0:05:12]} 21. g4 {[%emt 0:11:03]} Nxd4 {[%emt 0:07:10]} 22. Nxd4 {[%emt 0:00:29]} Qxd4 {[%emt 0:00:09]} 23. Bxg6 {[%emt 0:00:07]} Qxd1 24. Rxd1 {[%emt 0:00:01]} Re7 {[%emt 0:09:03]} 25. Nh5 {[%emt 0:04:21]} Bh8 {[%emt 0:01:35]} 26. Bxh6 {[%emt 0:02:42]} Bxb2 {[%emt 0:02:16]} 27. Rb3 {[%emt 0:02:24]} Bh8 {[%emt 0:07:04]} 28. Rxd6 {[%emt 0:01:16]} Re1+ {[%emt 0:01:12]} 29. Kg2 {[%emt 0:00:03]} c5+ {[%emt 0:00:08]} 30. f3 {[%emt 0:00:06]} Re2+ {[%emt 0:06:05]} 31. Kf1 {[%emt 0:04:41]} Ba6 {[%emt 0:00:03]} 32. Rxa6 {[%emt 0:00:15]} Rxa6 {[%emt 0:00:45]} 33. Kxe2 {[%emt 0:00:28]} Rxg6 {[%emt 0:00:04]} 34. Bc1 {[%emt 0:00:18]} a4 {[%emt 0:02:03]} 35. Re3 {[%emt 0:01:20]} Ra6 {[%emt 0:00:28]} 36. f4 {[%emt 0:01:56]} Bd4 {[%emt 0:00:48]} 37. Ra3 {[%emt 0:10:46]} Nc2 {[%emt 0:00:01]} 38. Ra2 {[%emt 0:00:06]} Nb4 {[%emt 0:00:02]} 39. Ra3 {[%emt 0:00:12]} Nc2 {[%emt 0:01:23]} 40. Ra2 {[%emt 0:00:08]} Nb4 {[%emt 0:00:03]} 1/2-1/2

[Event "ISR-chT 2019"]
[Site "Israel"]
[Date "2019.03.08"]
[Round "9.20"]
[White "Zanan, Evgeny"]
[Black "Khmelniker, Ilya"]
[Result "1-0"]
[WhiteElo "2532"]
[BlackElo "2483"]
[Annotator "TA"]
[PlyCount "51"]
[EventDate "2019.01.04"]
[EventType "team-tourn"]
[EventCountry "ISR"]
[SourceTitle "playchess.com"]
[Source "ChessBase"]
[SourceQuality "1"]

{[%evp 12,51,25,13,39,9,9,17,39,0,51,40,66,43,53,41,81,68,186,195,186,195,203,93,150,69,89,33,153,50,62,31,101,59,297,278,743,774,731,742,908,904]} 1. d4 Nf6 2. c4 g6 3. Nc3 d5 4. Nf3 Bg7 5. h4 c6 6. cxd5 {D90: Grünfeld: 4 Nf3 Bg7 sidelines} cxd5 7. Bf4 {LiveBook: 84 Games} Ne4 $146 ({Predecessor:} 7... Nc6 8. e3 O-O 9. Qb3 Na5 10. Qa3 Nc4 11. Bxc4 dxc4 12. O-O Bd7 {½-½ (74) Fedoseev,V (2724)-Carlsen,M (2835) Wijk aan Zee 2019}) 8. Qb3 {White is slightly better.} Nxc3 $1 9. bxc3 Nc6 10. e3 {[%cal Be2e3,Be3e4][%mdl 32]} Qa5 (10... h5 $11) 11. Bd3 O-O 12. O-O $36 {[%mdl 2048] White is pushing.} Qd8 13. e4 e6 14. h5 h6 {[#]} (14... dxe4 $14 15. Bxe4 Ne7) 15. hxg6 $1 $18 fxg6 16. Bg3 g5 17. Ne5 (17. Rae1 $18 {is more deadly.}) 17... Qb6 (17... Nxe5 $142 18. Bxe5 (18. dxe5 dxe4 19. Bxe4 Qc7 $14) 18... Bxe5 19. dxe5 Qb6) 18. Qd1 ({Don't take} 18. exd5 $6 Qxb3 19. axb3 Nxe5 $14) (18. Ng6 $16) 18... Nxe5 $14 19. Bxe5 (19. dxe5 $16 Qc6 20. Re1) 19... Bd7 (19... Bxe5 $14 20. dxe5 Qc7) 20. Bxg7 (20. Qh5 $16 Be8 21. Qh3) 20... Kxg7 21. e5 Qa5 (21... Rac8 $14) 22. Rc1 Qxa2 $2 {[#]} ({Black should play} 22... Qd8 $14) 23. f4 $1 $18 {[%mdl 512]} Ba4 $2 (23... Qa3 24. fxg5 Rxf1+ 25. Qxf1 Rf8 26. gxh6+ Kxh6) (23... Rxf4 24. Rxf4) 24. Qh5 {Threatening mate with Qg6+.White is clearly winning.} Be8 25. Qh3 Qd2 26. Rc2 {Precision: White = 50%, Black = 16%.} 1-0

[Event "ISR-chT 2019"]
[Site "Israel"]
[Date "2019.03.08"]
[Round "9.21"]
[White "Vydeslaver, Alik"]
[Black "Raznikov, Danny"]
[Result "0-1"]
[WhiteElo "2388"]
[BlackElo "2497"]
[Annotator "RC"]
[PlyCount "126"]
[EventDate "2019.01.04"]
[EventType "team-tourn"]
[EventCountry "ISR"]
[SourceTitle "playchess.com"]
[Source "ChessBase"]
[SourceQuality "1"]
[TimeControl "40/5400+30:1800+30"]

1. Nf3 {[%emt 1:30:30]} d5 {[%emt 0:01:01]} 2. g3 {[%emt 0:00:00]} Bg4 {[%emt 0:01:15]} 3. Bg2 {[%emt 0:00:00]} Nd7 {[%emt 0:00:42]} 4. d4 {[%emt 0:00:00]} e6 {[%emt 0:01:56]} 5. O-O {[%emt 0:00:00]} Ngf6 {[%emt 0:03:43]} 6. c4 {[%emt 0:00:00]} c6 {[%emt 0:01:12]} 7. b3 {[%emt 0:00:00]} Be7 {[%emt 0:02:51]} 8. Bb2 {[%emt 0:00:00]} O-O {[%emt 0:00:49]} 9. Nbd2 {[%emt 0:00:00]} h6 {[%emt 0:01:40]} 10. h3 {[%emt 0:00:00]} Bf5 {[%emt 0:02:13]} 11. Ne5 {[%emt 0:00:00]} a5 {[%emt 0:08:16]} 12. a3 {[%emt 0:00:00]} Qb6 {[%emt 0:08:29]} 13. Nxd7 {[%emt 0:00:00]} Nxd7 {[%emt 0:03:51]} 14. Re1 {[%emt 0:00:00]} Rfd8 {[%emt 0:03:14]} 15. e3 {[%emt 0:00:00]} Qa7 {[%emt 0:08:51]} 16. Bc3 {[%emt 0:00:00]} b5 {[%emt 0:04:49]} 17. c5 {[%emt 0:00:00]} e5 {[%emt 0:03:09]} 18. b4 {[%emt 0:00:00]} Bf6 {[%emt 0:04:13]} 19. f4 {[%emt 0:00:00]} exf4 {[%emt 0:09:48]} 20. exf4 {[%emt 0:00:00]} Re8 {[%emt 0:03:18]} 21. Nf3 {[%emt 0:00:00]} Rxe1+ {[%emt 0:10:18]} 22. Qxe1 {[%emt 0:00:00]} axb4 {[%emt 0:01:11]} 23. axb4 {[%emt 0:00:00]} Qb7 {[%emt 0:00:12]} 24. Nd2 {[%emt 0:00:01]} Rxa1 {[%emt 0:03:04]} 25. Qxa1 {[%emt 0:00:21]} Nf8 {[%emt 0:00:41]} 26. Nb3 {[%emt 0:04:35]} Qd7 {[%emt 0:02:06]} 27. Qf1 {[%emt 0:01:17]} Ne6 {[%emt 0:00:53]} 28. Qf2 {[%emt 0:00:38]} Be4 {[%emt 0:00:35]} 29. Bf1 {[%emt 0:01:17]} Bd8 {[%emt 0:01:45]} 30. Nd2 {[%emt 0:00:29]} f5 {[%emt 0:00:25]} 31. h4 {[%emt 0:00:43]} h5 {[%emt 0:00:37]} 32. Nb3 {[%emt 0:02:05]} Bf6 {[%emt 0:00:53]} 33. Qa2 {[%emt 0:00:31]} Kh7 {[%emt 0:01:11]} 34. Be2 {[%emt 0:00:24]} Qf7 {[%emt 0:00:39]} 35. Qd2 {[%emt 0:00:34]} Qg6 {[%emt 0:01:57]} 36. Kf2 {[%emt 0:00:49]} Bxh4 {[%emt 0:02:21]} 37. gxh4 {[%emt 0:01:06]} Qg2+ {[%emt 0:00:08]} 38. Ke1 {[%emt 0:00:03]} Qg3+ {[%emt 0:00:52]} 39. Kd1 {[%emt 0:00:17]} Nxf4 {[%emt 0:00:44]} 40. Bf1 {[%emt 0:02:59]} Qf3+ {[%emt 0:03:12]} 41. Ke1 {[%emt 0:02:20]} Qg3+ {[%emt 0:06:23]} 42. Kd1 {[%emt 0:00:07]} Qxh4 {[%emt 0:00:45]} 43. Qe3 {[%emt 0:05:07]} Qg4+ {[%emt 0:02:30]} 44. Kc1 {[%emt 0:05:17]} h4 {[%emt 0:00:53]} 45. Be1 {[%emt 0:01:15]} h3 {[%emt 0:11:26]} 46. Qg3 {[%emt 0:05:20]} Bg2 {[%emt 0:03:48]} 47. Nd2 {[%emt 0:00:54]} Bxf1 {[%emt 0:04:18]} 48. Qxg4 {[%emt 0:00:21]} fxg4 {[%emt 0:00:05]} 49. Nxf1 {[%emt 0:00:06]} Ne2+ {[%emt 0:01:59]} 50. Kd2 {[%emt 0:10:49]} Nxd4 {[%emt 0:00:07]} 51. Bg3 {[%emt 0:00:05]} Kg6 {[%emt 0:00:23]} 52. Kd3 {[%emt 0:02:23]} Nf3 {[%emt 0:01:39]} 53. Ke3 {[%emt 0:00:19]} Kg5 {[%emt 0:01:19]} 54. Kd3 {[%emt 0:00:53]} Kg6 {[%emt 0:01:25]} 55. Ke3 {[%emt 0:00:01]} Kg5 {[%emt 0:00:10]} 56. Kd3 {[%emt 0:00:01]} h2 {[%emt 0:01:00]} 57. Nxh2 {[%emt 0:00:56]} Nxh2 {[%emt 0:00:22]} 58. Bxh2 {[%emt 0:00:00]} Kh4 {[%emt 0:00:06]} 59. Be5 {[%emt 0:01:23]} g3 {[%emt 0:00:51]} 60. Ke2 {[%emt 0:01:49]} Kh3 {[%emt 0:00:37]} 61. Kf3 {[%emt 0:01:14]} g2 {[%emt 0:00:14]} 62. Kf2 {[%emt 0:01:03]} d4 {[%emt 0:00:51]} 63. Kg1 {[%emt 0:00:34]} d3 {[%emt 0:00:27]} 0-1

[Event "ISR-chT 2019"]
[Site "Israel"]
[Date "2019.03.08"]
[Round "9.22"]
[White "Kobo, Ori"]
[Black "Shvayger, Yuliya"]
[Result "1/2-1/2"]
[WhiteElo "2478"]
[BlackElo "2374"]
[Annotator "TA"]
[PlyCount "157"]
[EventDate "2019.01.04"]
[EventType "team-tourn"]
[EventCountry "ISR"]
[SourceTitle "playchess.com"]
[Source "ChessBase"]
[SourceQuality "1"]

{[%evp 26,157,6,6,6,14,11,9,0,7,0,-16,-13,-20,-10,-13,-12,-18,-14,-50,-62,-115,-97,-95,-101,-96,-88,-143,-125,-143,-58,-144,-136,-124,-86,-74,-2,-12,-19,-45,-41,-45,-39,-19,-10,-153,0,0,17,21,68,47,100,94,167,84,87,59,192,192,183,210,192,112,120,95,106,60,62,58,51,51,60,62,62,71,120,83,106,98,89,83,80,33,97,97,107,107,106,93,103,99,91,92,100,85,97,76,160,60,59,52,246,245,450,440,534,505,5093,8,8,8,8,8,8,0,0,0,0,0,0,0,8,8,8,0,0,0,0,0,0,0,0,0]} 1. e4 c5 2. Nf3 Nc6 3. Bb5 g6 4. Bxc6 bxc6 5. O-O Bg7 6. Re1 Nh6 7. c3 {[%cal Bc2c3,Bc3d4][%mdl 32]} O-O 8. d4 cxd4 9. cxd4 d5 10. e5 {B31: Sicilian: 2...Nc6 3 Bb5 g6} f6 11. e6 (11. Qc2 Bg4 12. Nbd2 Qb6 13. h3 fxe5 14. hxg4 Nxg4 15. Nc4 dxc4 16. Qxc4+ Kh8 17. Qe6 Rf5 {½-½ (64) Vidit,S (2707)-Gelfand,B (2695) Poikovsky 2018 CBM 185 [Mekhitarian,K]}) 11... Qd6 12. Qe2 c5 13. dxc5 Qxc5 14. Be3 {LiveBook: 3 Games} Qc4 15. Qxc4 dxc4 16. Nbd2 Nf5 17. Bc5 Ba6 18. g4 $146 ({Predecessor:} 18. Rac1 Bh6 19. Rc3 Rac8 20. Bxa7 Rc7 {½-½ (20) Jensen,C (2360)-Tornow,M (2302) ICCF email 2016}) 18... Rfc8 19. Ba3 (19. gxf5 Rxc5 20. fxg6 f5 $19) 19... Nd6 $1 (19... c3 $6 20. bxc3 Nh6 21. Rac1 $14 (21. Bxe7 Rxc3 22. Bb4 Rd3 $14)) 20. Bxd6 exd6 21. Ne4 Bb7 22. Nfd2 Rc6 $1 23. Nc3 (23. Rac1 $15) 23... Re8 24. Rad1 f5 25. gxf5 gxf5 26. Re2 (26. Nf3 $142) 26... Rc5 $17 27. f4 Kh8 (27... Re7 $17 28. h3 Bh6) 28. h3 (28. e7 $15) 28... Bh6 29. Rf1 Rc7 30. Rff2 Rg7+ (30... a6 $17) 31. Kf1 $11 Reg8 {[%csl Gg8][%cal Rg7g1]} 32. Ke1 Rg1+ 33. Nf1 {White wants to play Nb5.} Re8 34. Nb5 Bf8 35. Kd2 (35. Nd4 $11 {keeps the balance.}) 35... Rg6 $2 (35... Be4 $17 {White must now prevent ...d5.} 36. Nc3 Bd3) 36. Nd4 d5 37. Ne3 Bb4+ 38. Kc2 Bc5 (38... Bc8 $14) 39. Nexf5 $16 Rf6 (39... Bc8 $16 {was worth a try.}) 40. Rf1 (40. Rg2 $18) 40... Bc8 41. Kc3 Rexe6 (41... Bxe6 $14 42. Rfe1 (42. Rxe6 Bxd4+ 43. Nxd4 Rfxe6 $14) (42. Nxe6 Rxf5 43. b3 cxb3 $11) 42... Bb4+ 43. Kxb4 Rb8+ 44. Kc5 Rc8+ 45. Nc6 Bxf5 46. Re8+ Rf8 47. Rxc8 Rxc8) 42. Nxe6 $18 ({Don't play} 42. Rxe6 $6 Bxd4+ 43. Nxd4 Bxe6 $14) 42... Bxe6 43. Nd4 Bxh3 44. Rff2 (44. Rg1 $18) 44... Rg6 $16 {...Rg3+ is the strong threat.} 45. Re8+ Kg7 46. Rfe2 {And now R2e3 would win.} Kf7 47. R8e5 Rg3+ 48. R2e3 Rxe3+ 49. Rxe3 $14 {[%mdl 4096] Endgame KRN-KB} Bg2 $1 50. Re5 Bb6 51. Rf5+ Ke7 52. Rh5 Be4 53. f5 Kf6 54. Rh6+ Kg7 (54... Kg5 $1 $14 55. Rxh7 Ba5+ 56. b4 cxb3+ 57. Kxb3 Bb6) 55. Rd6 $16 Ba5+ 56. b4 cxb3+ 57. Kxb3 Bb6 58. f6+ $1 Kg6 59. Nc6 Bc5 60. Re6 h5 61. Nd8 $1 {Strongly threatening f7+.} h4 {[#]} ({Black should try} 61... Bf5 62. Rc6 Bf8) 62. f7+ ({Only move:} 62. Rc6 $1 $16 Bf8 63. f7+ Kg7 64. Ne6+ Kxf7 65. Nxf8) 62... Kg7 $14 63. Re5 {Threatens to win with Ne6+.} Bd6 $2 {[#]} ({Better is} 63... h3 $1 $14 64. Rh5 Be7) 64. Rg5+ $1 $18 Kh6 $2 (64... Bg6 65. Rg4 (65. Rxd5 Be7 $14) 65... h3 66. f8=Q+ Bxf8 67. Ne6+ Kf6 68. Nxf8 Bf5) 65. Rg8 h3 {aiming for ...h2.} 66. Rh8+ Bh7 (66... Kg7 $142 67. Rxh3 a6) 67. f8=Q+ $2 (67. Ne6 $18 Kh5 68. Rxh7+ Kg4 69. Kc3) 67... Bxf8 $11 {The position is equal.} 68. Rxf8 h2 $132 {[%mdl 2048] Black is fighting back} 69. Rf1 Be4 70. Kc3 (70. Nc6 {is interesting.} a6 71. Kb4 Kg6 72. Ka5 Bg2 73. Re1) 70... h1=Q 71. Rxh1+ Bxh1 {KB-KN} 72. Kd4 Kg6 73. Nc6 Kf6 74. Nxa7 Ke6 75. a4 Kd6 76. Nb5+ Kc6 77. Nc3 Kb6 78. a5+ Kxa5 79. Nxd5 {Precision: White = 48%, Black = 45%.} 1/2-1/2

[Event "ISR-chT 2019"]
[Site "Israel"]
[Date "2019.03.08"]
[Round "9.23"]
[White "Sidorenko, Ilya"]
[Black "Liss, Eran"]
[Result "1-0"]
[WhiteElo "2396"]
[BlackElo "2430"]
[Annotator "TA"]
[PlyCount "67"]
[EventDate "2019.01.04"]
[EventType "team-tourn"]
[EventCountry "ISR"]
[SourceTitle "playchess.com"]
[Source "ChessBase"]
[SourceQuality "1"]

{[%evp 14,67,57,48,55,56,124,108,168,147,258,129,145,134,135,122,115,97,145,155,235,235,237,250,507,501,778,591,593,584,628,566,566,565,553,555,568,562,553,565,541,423,437,343,681,543,504,60,70,52,861,844,891,889,855,822]} 1. e4 c5 2. Nf3 e6 3. Nc3 a6 4. d4 cxd4 5. Nxd4 b5 6. Bd3 Bb7 7. O-O Qc7 8. Re1 Bc5 {B43: Sicilian: Kan Variation: 5 Nc3} 9. Be3 b4 (9... Bd6 $14) (9... d6 10. Bxb5+ axb5 11. Ndxb5 Qc6 12. Bxc5 dxc5 13. Nd6+ Ke7 14. Nf5+ Ke8 15. Nxg7+ Kf8 16. Nh5 {0-1 (66) Delgado Ramirez,N (2622)-Bachmann,A (2627) Asuncion 2017}) 10. Na4 $16 Bd6 (10... Be7 $16 {was called for.}) 11. Nf3 $18 Nf6 (11... Nc6 $16 {was necessary.} 12. Nb6 Nf6 13. Nxa8 Bxa8) 12. Nb6 $146 (12. Bb6 $18 Qc6 13. c3) ({Predecessor:} 12. Bb6 Qc6 13. c3 O-O 14. Nd4 Qc8 15. e5 Bxe5 16. Rxe5 {1-0 (69) Garcia Rodriguez,V (2137)-Vidarte Morales,A (2438) La Roda 2010}) 12... Ng4 $16 {[%cal Rd6h2]} 13. Nxa8 Bxa8 14. h3 Nxe3 15. Rxe3 Bc5 16. Re2 g5 (16... a5 $16 {might work better.} 17. c3 bxc3 18. bxc3 O-O) 17. c3 $18 (17. Nxg5 Qg3 $11) 17... bxc3 18. Rc1 ({Stronger than} 18. Nxg5 Rg8 $11) (18. bxc3 $6 h5) 18... Rg8 $2 {[#]} (18... Bb4 {is a better defense.} 19. a3 Ba5) 19. Rxc3 g4 (19... d6 $142 20. Qc2 Nc6) 20. hxg4 Rxg4 21. Kf1 Qb6 22. Rec2 Bd6 23. Rc8+ Ke7 24. e5 Bxe5 25. Nxe5 {[%mdl 64] [#] Discovered Attack} Bxg2+ 26. Ke2 Rg5 27. R8c5 f6 28. Qd2 {Strongly threatening Nxd7!} Qd6 $2 (28... Bd5 29. Rxd5 {[%mdl 64] Remove Defender} exd5) 29. f4 Rg3 30. Qe1 $2 ({White must play} 30. Kf2 $18 Rg7 31. Qe3) 30... Rh3 $14 31. Kf2 fxe5 $4 {[%mdl 8192]} (31... Ba8 $14 32. R2c4 (32. Be4 Qd4+ {[%mdl 64] Double Attack} 33. Kg2 Re3 $17) 32... fxe5) 32. Kxg2 $18 {White is clearly winning.} Qxd3 33. R2c3 Qd4 34. Kxh3 {Accuracy: White = 56%, Black = 36%.} 1-0

[Event "ISR-chT 2019"]
[Site "Israel"]
[Date "2019.03.08"]
[Round "9.24"]
[White "Bronstein, Or"]
[Black "Klenburg, Michael"]
[Result "1-0"]
[WhiteElo "2396"]
[BlackElo "2359"]
[Annotator "NA RC"]
[PlyCount "75"]
[EventDate "2019.01.04"]
[EventType "team-tourn"]
[EventCountry "ISR"]
[SourceTitle "playchess.com"]
[Source "ChessBase"]
[SourceQuality "1"]
[TimeControl "40/5400+30:1800+30"]

1. d4 {[%emt 0:01:02]} d6 {[%emt 0:00:00]} 2. e4 {[%emt 0:00:41]} Nf6 {[%emt 0:00:11]} 3. Nc3 {[%emt 0:00:05]} e5 {[%emt 0:00:19]} 4. Nf3 {[%emt 0:01:35]} Nbd7 {[%emt 0:00:06]} 5. Bc4 {[%emt 0:00:41]} Be7 {[%emt 0:00:13]} 6. O-O {[%emt 0:00:30]} O-O {[%emt 0:00:13]} 7. Re1 {[%emt 0:01:51]} a6 {[%emt 0:00:30]} 8. a4 {[%emt 0:00:26]} b6 {[%emt 0:00:06]} 9. Nd5 {[%emt 0:01:53]} Bb7 {[%emt 0:07:12]} 10. Nxe7+ {[%emt 0:00:34]} Qxe7 {[%emt 0:00:05]} 11. Bd3 {[%emt 0:00:05]} exd4 {[%emt 0:02:45]} 12. Nxd4 {[%emt 0:00:03]} Nc5 {[%emt 0:00:31]} 13. b4 {[%emt 0:05:37]} Nxd3 {[%emt 0:01:40]} 14. cxd3 {[%emt 0:00:20]} Qe5 {[%emt 0:06:55]} 15. Rb1 {[%emt 0:14:24]} Bc8 {[%emt 0:10:50]} 16. Bb2 {[%emt 0:06:27]} Qh5 {[%emt 0:04:07]} 17. Qc1 {[%emt 0:11:49]} c5 {[%emt 0:02:30]} 18. bxc5 {[%emt 0:02:07]} bxc5 {[%emt 0:00:18]} 19. Nc6 {[%emt 0:00:08]} Ne8 {[%emt 0:11:19]} 20. Re3 {[%emt 0:13:24]} f6 {[%emt 0:02:53]} 21. d4 {[%emt 0:06:57]} cxd4 {[%emt 0:03:14]} 22. Bxd4 {[%emt 0:00:10]} Qf7 {[%emt 0:12:56]} 23. Reb3 {[%emt 0:02:55]} Nc7 {[%emt 0:02:40]} 24. Be3 {[%emt 0:08:40]} Re8 {[%emt 0:04:32]} 25. Rc3 {[%emt 0:08:17]} Ne6 {[%emt 0:06:08]} 26. Qd1 {[%emt 0:03:40]} Nf8 {[%emt 0:04:08]} 27. f3 {[%emt 0:01:51]} f5 {[%emt 0:04:11]} 28. Qxd6 {[%emt 0:00:38]} fxe4 {[%emt 0:00:12]} 29. fxe4 {[%emt 0:02:59]} Qe6 {[%emt 0:04:31]} 30. Qd5 {[%emt 0:01:52]} Bd7 {[%emt 0:02:16]} 31. Bd4 $18 {[%emt 0:01:22]} Qxd5 {[%emt 0:03:32]} 32. exd5 {[%emt 0:00:01]} Ng6 {[%emt 0:00:13]} 33. Rb7 {[%emt 0:00:58]} Nf8 {[%emt 0:01:38]} 34. Rf3 {[%emt 0:01:33]} Re4 {[%emt 0:00:24]} 35. Bc3 {[%emt 0:00:49]} Rc4 {[%emt 0:01:56]} 36. Ne5 {[%emt 0:00:11]} Rac8 {[%emt 0:01:14]} 37. Nxc4 {[%emt 0:00:15]} Rxc4 {[%emt 0:00:05]} 38. Bb4 {[%emt 0:00:12]} 1-0

[Event "ISR-chT 2019"]
[Site "Israel"]
[Date "2019.03.08"]
[Round "9.25"]
[White "Smirin, Ilia"]
[Black "Zoler, Dan"]
[Result "1-0"]
[WhiteElo "2611"]
[BlackElo "2503"]
[Annotator "TA"]
[PlyCount "75"]
[EventDate "2019.01.04"]
[EventType "team-tourn"]
[EventCountry "ISR"]
[SourceTitle "playchess.com"]
[Source "ChessBase"]
[SourceQuality "1"]

{[%evp 13,75,25,31,14,18,5,30,37,31,17,14,17,20,30,30,16,52,47,60,54,57,57,68,62,66,61,92,85,83,85,112,105,110,97,112,123,125,124,110,118,98,89,109,107,112,111,139,138,142,143,191,188,221,208,815,810,937,894,1500,1175,5466,5186,29989,29990]} 1. e4 c5 2. Nf3 d6 3. d4 cxd4 4. Nxd4 Nf6 5. Nc3 a6 6. Be3 Ng4 7. Bg5 h6 8. Bc1 {B90: Sicilian Najdorf: Unusual White 6th moves, 6 Be3 Ng4 and 6 Be3 e5} Nf6 9. Bd3 (9. Be2 {with more complications.} e5 10. Nb3 Be7 11. Be3 Be6 12. Qd3) 9... Nc6 (9... e5 {keeps more tension.} 10. Nde2 Be7 11. O-O O-O 12. a3 Be6) 10. Nxc6 {White has an edge.} bxc6 11. f4 $146 ({Predecessor:} 11. O-O e6 12. Na4 d5 13. Qe2 Be7 14. c4 Bb7 15. e5 Nd7 {0-1 (45) Grischuk,A (2766)-Duda,J (2737) chess.com INT 2018}) 11... e5 12. Qf3 Be7 13. O-O O-O 14. Kh1 Qc7 15. fxe5 dxe5 16. Na4 Be6 17. b3 Nd7 18. Be3 Bg5 19. Bg1 g6 20. Qe2 Qb7 21. Rad1 Be7 22. h3 a5 23. Rf3 Kg7 24. Bc4 Bxc4 25. Qxc4 Rad8 26. Rdf1 f6 27. Rd3 Rfe8 28. Rfd1 Nf8 29. Bb6 $36 {[%mdl 2048] White is on the roll.} Ra8 30. R3d2 h5 31. Kh2 Ra6 {[#]} 32. Bc5 $1 {[%cal Rc5e7]} Qb5 {[#]} 33. Qc3 $1 Ne6 $2 (33... Raa8 34. Qe3 Qb7) 34. Rd7 $18 Kf7 35. Qe3 Raa8 36. c4 Qb8 37. Qh6 Ng5 38. h4 {Accuracy: White = 78%, Black = 46%.} 1-0